| 000 | 00761cam a2200229 a 4500 | ||
|---|---|---|---|
| 001 | 3486085 | ||
| 005 | 20180202035548.0 | ||
| 008 | 940324s1994 flua b 001 0 eng | ||
| 010 | _a 94011056 | ||
| 020 | _a087371749X (alk. paper) | ||
| 040 |
_aDLC _cDLC _dDLC |
||
| 041 | _aeng | ||
| 080 | _a333.918 KEN | ||
| 082 | 0 | 0 |
_a333.918 KEN _220 |
| 100 | _a9 | ||
| 101 | _aMJE | ||
| 245 | 0 | 0 |
_aApplied wetlands science and technology / _cedited by Donald M. Kent. |
| 504 | _aIncludes bibliographical references and index. | ||
| 906 |
_a7 _bcbc _corignew _d1 _eocip _f19 _gy-gencatlg |
||
| 942 |
_2ddc _cBK |
||
| 999 |
_c41578 _d41578 |
||